Statistiques concernant Logo des Marques existantes de Bus (UE)

Cliquez ici pour prendre le quiz!

Statistiques générales

  • Ce quiz a été pris 87 fois
    (64 depuis la dernière actualisation)
  • Le résultat moyen est 5 sur 15

Statistiques - réponses

Réponse% Correct
Iveco Bus
86%
Heuliez Bus
79%
Van Hool
57%
Scania
50%
Otokar
48%
Mercedes-Benz Bus
40%
Bluebus
38%
Neoplan
26%
Alstom
24%
Irizar
24%
Volvo Buses
24%
MAN Truck & Bus
19%
SETRA Kässbohrer
14%
Solaris Bus & Coach
14%
Carrosserie Hess
5%

Distribution des résultats

Percentile par nombre de réponses

% des personnes avec chaque résultat

Votre développement - résultats

Vous n’avez pas pris ce quiz depuis la dernière actualisation